000 00515nam a2200181Ia 4500
008 151018s9999 xx 000 0 und d
082 _bRBASDV10616
_a891.463
100 _aबाळ गाडगीळ
245 _aफिरकी
250 _b1
260 _bमेनका प्रकाशन पुणे
_c1975
300 _a147
600 _aबाळ गाडगीळ
630 _aफिरकी
700 _aबाळ गाडगीळ
730 _aफिरकी
942 _cBOOK
999 _c1012974
_d1012971